000 01232nam a2200337 i 4500
003 EG-GICUC
005 20260121101451.0
008 251211s2010 ua d|||fr|||| 000 0 ara d
017 _a2010/7347
020 _a978-977-328-696-6
040 _a EG-GICUC
_bara
_c EG-GICUC
_d EG-GICUC
_erda
041 _aara
082 0 4 _221
_a343.53
_bع ل . م
092 0 4 _221
099 _aLaw1 10 343.53 ع ل . م 2010
100 0 _aعلي عبدالقادر القهوجي
_eمؤلف.
245 1 2 _aالمعاهدات الدولية أمام القاضي الجنائي /
_cعلي عبدالقادر القهوجي.
264 1 _aالإسكندرية :
_bدار الجامعة الجديدة,
_c2010.
300 _a144 صفحة ؛
_c24 سم
336 _2rda content
_atext
337 _2rda media
_aComputer
338 _2rda carrier
_aOnline Resource
504 _a. 142-123ببليوجرافيا: صفحات.
546 _aالنص باللغة العربية
650 1 4 _aالإتفاقيات الجنائية الدولية
_2qrmak
651 1 _2qrmak
653 1 0 _aالجرائم السياسية
856 4 0 _uhttps://fll.law.cu.edu.eg/fulltext/bks/B10-07193.pdf
905 _a79
_eHassnaa
942 _2ddc
_cBK
_e21
_n0
999 _c49786
_d49786